Atrapafaltas : escritura y ortografía iii /
Guardado en:
| Autor Principal: | |
|---|---|
| Otros Autores: | |
| Formato: | Libro |
| Publicado: |
Buenos Aires :
Tinta Fresca,
2010
|
| Materias: | |
| Etiquetas: |
Agregar Etiqueta
Sin Etiquetas, Sea el primero en etiquetar este registro!
|
| LEADER | 00948nam a22002175a 4500 | ||
|---|---|---|---|
| 001 | CEM.cems014957 | ||
| 005 | 20181018171854.0 | ||
| 008 | 130507s2010##################000#0#####d | ||
| 003 | CEMS | ||
| 020 | |a 9789875763920 | ||
| 082 | 0 | 4 | |a 468.1 |
| 100 | 1 | |a Archanco, Pamela | |
| 245 | 1 | 0 | |a Atrapafaltas : |b escritura y ortografía iii / |c Pamela Archanco y Aníbal Benítez |
| 260 | |a Buenos Aires : |b Tinta Fresca, |c 2010 | ||
| 300 | |a 96 p. | ||
| 505 | 0 | |a Máquinas inteligentes : cuando se trata de explicar -- Voces de personas y personajes : Textos con diálogos -- Entre crónicas, anécdotas y relatos : El mundo de la narración -- Una mirada atenta : cuando se trata de describir -- Chicos con energía : textos con fundamento -- Destinos soñados : con el acento en el viaje | |
| 653 | |a Lengua | ||
| 653 | |a Escritura | ||
| 653 | |a Ortografía | ||
| 700 | 1 | |a Benítez, Aníbal | |
| 859 | |a CEMS |b BIB. CEMS - 11 de abril |h 468.1 |i Ar26 |p 26965.14 |t Ej.1 |v III |3 III | ||
